[Event "Asian Continental (Women) op 20th"]
[Site "Almaty"]
[Date "2023.06.05"]
[Round "2"]
[White "Shih, Ching An"]
[Black "Kaliakhmet, Elnaz"]
[Result "0-1"]
[WhiteElo "1578"]
[BlackElo "1820"]
[PlyCount "80"]
[EventDate "2023.06.04"]
[EventType "swiss"]
[EventRounds "9"]
[EventCountry "KAZ"]
[SourceTitle "CBM 214 Extra"]
[Source "ChessBase"]
[SourceDate "2023.07.31"]
[SourceVersion "1"]
[SourceVersionDate "2023.07.31"]
[SourceQuality "1"]

1. Nf3 Nf6 2. g3 d5 3. d4 Bf5 4. Bg2 e6 5. Nbd2 c6 6. 0-0 h6 7. Ne5 Nbd7 8. Ndf3 Bd6 9. Bf4 Qc7 10. Nxd7 Nxd7 11. Bxd6 Qxd6 12. c3 0-0 13. Re1 Be4 14. Nd2 Bxg2 15. Kxg2 c5 16. dxc5 Nxc5 17. Nb3 Ne4 18. f3 Nf6 19. e4 Qc7 20. exd5 Nxd5 21. Qe2 Rad8 22. Rad1 Qb6 23. Rd4 a5 24. Ra4 Ra8 25. Qe4 Rfd8 26. Qd4 Qb5 27. Qe4 b6 28. Rd4 Qe8 29. c4 Nf6 30. Rxd8 Rxd8 31. Qc2 Qc6 32. Rd1 Rxd1 33. Qxd1 Qxc4 34. Qd8+ Kh7 35. Qxb6 a4 36. Nc5 Nd5 37. Qa5 Qe2+ 38. Kh3 Qf1+ 39. Kh4 g5+ 40. Kg4 Nf6# 0-1

[Event "Online Olym Div2 A"]
[Site "Chess.com INT"]
[Date "2021.09.04"]
[Round "7.1"]
[White "Shih, Ching An"]
[Black "Hng, Mei Xian Eunice"]
[Result "0-1"]
[WhiteElo "1582"]
[BlackElo "1789"]
[PlyCount "88"]
[EventDate "2021.09.02"]
[EventType "team (rapid)"]
[EventRounds "9"]
[EventCountry "USA"]
[SourceTitle "CBM 204 Extra"]
[Source "ChessBase"]
[SourceDate "2021.11.30"]
[SourceVersion "1"]
[SourceVersionDate "2021.11.30"]
[SourceQuality "1"]
[WhiteTeam "Taiwan"]
[BlackTeam "Singapore"]
[WhiteTeamCountry "TPE"]
[BlackTeamCountry "SIN"]

1. Nf3 g6 2. d4 Bg7 3. e4 d6 4. c3 Nf6 5. Bd3 0-0 6. h3 a6 7. 0-0 b5 8. a4 c6 9. axb5 cxb5 10. e5 dxe5 11. dxe5 Nd5 12. Bxb5 Bb7 13. Be2 Nc6 14. e6 fxe6 15. Na3 Qc7 16. Nc4 Rad8 17. Qb3 Rb8 18. Ne3 Nf4 19. Qc4 Nxe2+ 20. Qxe2 Ne5 21. Nxe5 Qxe5 22. Re1 Rbd8 23. Bd2 Qe4 24. f3 Qh4 25. Ng4 Rd6 26. Be3 Qh5 27. Rf1 h6 28. Bc5 Qxc5+ 29. Kh1 h5 30. Nf2 Kh7 31. Ne4 Bxe4 32. Qxe4 Qd5 33. Qb4 Qb5 34. Qa3 Rfd8 35. Rae1 Qf5 36. Qb4 Qg5 37. f4 Qg3 38. Qe4 Rd2 39. Re3 Qh4 40. Qxe6 Rd1 41. Rxd1 Rxd1+ 42. Kh2 Qxf4+ 43. Rg3 Rd6 44. Qxe7 h4 0-1

[Event "Online Olym Div3 A"]
[Site "Chess.com INT"]
[Date "2021.08.28"]
[Round "6.5"]
[White "Sewak, Aarti"]
[Black "Shih, Ching An"]
[Result "0-1"]
[WhiteElo "1412"]
[BlackElo "1582"]
[PlyCount "74"]
[EventDate "2021.08.27"]
[EventType "team-tourn (rapid)"]
[EventRounds "9"]
[EventCountry "USA"]
[SourceTitle "CBM 204 Extra"]
[Source "ChessBase"]
[SourceDate "2021.11.30"]
[SourceVersion "1"]
[SourceVersionDate "2021.11.30"]
[SourceQuality "1"]
[WhiteTeam "Fiji"]
[BlackTeam "Taiwan"]
[WhiteTeamCountry "FIJ"]
[BlackTeamCountry "TPE"]

1. Nf3 d5 2. g3 Nf6 3. Bg2 c6 4. d3 Bf5 5. Bg5 Nbd7 6. 0-0 h6 7. Be3 e5 8. h3 Bd6 9. Nh2 0-0 10. Nd2 d4 11. Bxh6 gxh6 12. Nb3 Kh7 13. Qd2 Rg8 14. Nf3 Bf8 15. Nh4 Be6 16. Kh2 b6 17. f4 Bd5 18. fxe5 Bxg2 19. Nxg2 Nxe5 20. Qf4 Ned7 21. Nxd4 Qe7 22. Qf5+ Kh8 23. Nf4 Rg5 24. Nxc6 Qe3 25. Rf3 Qxf3 26. exf3 Rxf5 27. Nd4 Re5 28. g4 Rc8 29. c3 Nd5 30. Nxd5 Rxd5 31. f4 Bg7 32. Nf5 Rxd3 33. Rb1 Re8 34. Ng3 Ree3 35. Nf1 Re2+ 36. Kg1 Rxh3 37. Rd1 Nc5 0-1

[Event "Online Olym Div3 A"]
[Site "Chess.com INT"]
[Date "2021.08.27"]
[Round "1.3"]
[White "Azhar, Puteri Rifqah Fahad"]
[Black "Shih, Ching An"]
[Result "1-0"]
[WhiteElo "1939"]
[BlackElo "1582"]
[PlyCount "141"]
[EventDate "2021.08.27"]
[EventType "team-tourn (rapid)"]
[EventRounds "9"]
[EventCountry "USA"]
[SourceTitle "CBM 204 Extra"]
[Source "ChessBase"]
[SourceDate "2021.11.30"]
[SourceVersion "1"]
[SourceVersionDate "2021.11.30"]
[SourceQuality "1"]
[WhiteTeam "Malaysia"]
[BlackTeam "Taiwan"]
[WhiteTeamCountry "MAS"]
[BlackTeamCountry "TPE"]

1. d4 d5 2. Nf3 Nf6 3. Bf4 c6 4. e3 Nbd7 5. c3 e6 6. Bd3 Nh5 7. Bg3 Nxg3 8. hxg3 Nf6 9. Qc2 h6 10. Nbd2 Bd6 11. 0-0 0-0 12. Rfe1 Re8 13. e4 dxe4 14. Nxe4 Nxe4 15. Bxe4 Bd7 16. Rad1 Qc7 17. Qe2 Rad8 18. Bc2 c5 19. Qe4 g6 20. dxc5 Bxc5 21. Ne5 Bc6 22. Nxc6 Qxc6 23. Qxc6 bxc6 24. Ba4 Rxd1 25. Rxd1 Rc8 26. Rd7 Bb6 27. Kf1 Kf8 28. Rd6 Ke7 29. Rxc6 Rxc6 30. Bxc6 g5 31. g4 f5 32. gxf5 exf5 33. Ke2 Kd6 34. Bb7 Ke5 35. a4 a5 36. g3 h5 37. Bc6 f4 38. Bf3 g4 39. Bc6 Bd8 40. Be8 h4 41. gxh4 Bxh4 42. Bd7 f3+ 43. Kf1 Kf4 44. b4 Bf6 45. b5 Bxc3 46. b6 Be5 47. Bc6 Bb8 48. Ke1 Kg5 49. Kd2 Kh4 50. Kc3 Kh3 51. Bd7 Kg2 52. Bxg4 Kxf2 53. Kc4 Ke3 54. Kb5 f2 55. Bh3 Kd4 56. Kxa5 Kc5 57. Ka6 Kc6 58. Bg2+ Kc5 59. Kb7 Be5 60. a5 Kb5 61. a6 Bd4 62. a7 Bxb6 63. a8Q Bd4 64. Qe8+ Kc5 65. Qh5+ Kc4 66. Kc6 Kd3 67. Kd5 Be3 68. Bf1+ Kc3 69. Qe5+ Kd2 70. Qb2+ Ke1 71. Qe2# 1-0

[Event "Olympiad Women-43"]
[Site "Batumi"]
[Date "2018.10.02"]
[Round "8.1"]
[White "Shih, Ching An"]
[Black "Mutesi, Phiona"]
[Result "1/2-1/2"]
[WhiteElo "1546"]
[BlackElo "1637"]
[PlyCount "101"]
[EventDate "2018.09.24"]
[EventType "team-swiss"]
[EventRounds "11"]
[EventCountry "GEO"]
[SourceTitle "EXT 2020"]
[Source "ChessBase"]
[SourceDate "2019.10.17"]
[SourceVersion "1"]
[SourceVersionDate "2019.10.17"]
[SourceQuality "1"]
[WhiteTeam "Chinese Taipei (W)"]
[BlackTeam "Uganda (W)"]
[WhiteTeamCountry "TPE"]
[BlackTeamCountry "UGA"]

1. e4 e6 2. d4 d5 3. Nd2 c5 4. exd5 Qxd5 5. dxc5 Bxc5 6. Ngf3 Nf6 7. Bc4 Qd8 8. 0-0 0-0 9. Nb3 Be7 10. Bf4 Nc6 11. c3 b6 12. Qe2 Bb7 13. Rfd1 Qc8 14. h3 Re8 15. Bh2 h6 16. Bd3 Bd8 17. Rd2 Bc7 18. Rad1 Bxh2+ 19. Nxh2 Qc7 20. Ba6 Bxa6 21. Qxa6 Nd5 22. Nf3 Qf4 23. Qb5 Rac8 24. Re2 Red8 25. Red2 Rd6 26. Qe2 Rcd8 27. Nbd4 Nxd4 28. Rxd4 Qf6 29. Qe4 Qe7 30. Qe5 f6 31. Qe4 b5 32. R1d2 a6 33. a3 Qf7 34. Qc2 e5 35. Re4 Nf4 36. Rxd6 Rxd6 37. Re3 Qd5 38. Re1 Nxh3+ 39. Kh2 Nf4 40. a4 Qf7 41. axb5 axb5 42. Ra1 Qd5 43. Qf5 Rd8 44. Qc2 e4 45. Nd4 Nd3 46. Ra5 Qh5+ 47. Kg1 Qg4 48. Kf1 Qh5 49. Kg1 Qg4 50. Kf1 Qh4 51. Kg1 1/2-1/2

[Event "Olympiad Women-43"]
[Site "Batumi"]
[Date "2018.09.27"]
[Round "4.37"]
[White "Aghabekian, Liana"]
[Black "Shih, Ching An"]
[Result "1/2-1/2"]
[WhiteElo "2188"]
[BlackElo "1546"]
[PlyCount "86"]
[EventDate "2018.09.24"]
[EventType "team-swiss"]
[EventRounds "11"]
[EventCountry "GEO"]
[SourceTitle "EXT 2020"]
[Source "ChessBase"]
[SourceDate "2019.10.17"]
[SourceVersion "1"]
[SourceVersionDate "2019.10.17"]
[SourceQuality "1"]
[WhiteTeam "Luxembourg (W)"]
[BlackTeam "Chinese Taipei (W)"]
[WhiteTeamCountry "LUX"]
[BlackTeamCountry "TPE"]

1. e4 e5 2. Nf3 Nc6 3. Bc4 Be7 4. d3 Nf6 5. Nbd2 d6 6. c3 0-0 7. Bb3 h6 8. Nf1 Nh7 9. Ng3 Ng5 10. Nh4 Na5 11. Nhf5 Nxb3 12. axb3 Bf6 13. h4 Nh7 14. Be3 a6 15. Qe2 Be6 16. c4 Qd7 17. 0-0 Rfd8 18. f4 Kh8 19. Qd2 Qe8 20. Rae1 Qf8 21. d4 g6 22. d5 Bd7 23. fxe5 Bxe5 24. Nxh6 f6 25. Bf4 Re8 26. h5 Bxf4 27. Qxf4 g5 28. Qf3 Qxh6 29. Nf5 Bxf5 30. Qxf5 Rad8 31. g4 Qg7 32. Re2 Qd7 33. Qf3 Re5 34. Kg2 Rde8 35. Rfe1 Kg7 36. Kg3 R5e7 37. Rf1 Rf7 38. Qd3 Re5 39. Ref2 Qe8 40. Re2 Rfe7 41. Rfe1 Rf7 42. Qd2 Rfe7 43. Qd3 Rf7 1/2-1/2

[Event "Wch U16 Girls"]
[Site "Khanty-Mansiysk"]
[Date "2016.09.30"]
[Round "8"]
[White "Cieslak, Wiktoria"]
[Black "Shih, Ching An"]
[Result "1-0"]
[WhiteElo "1869"]
[BlackElo "1460"]
[PlyCount "53"]
[EventDate "2016.09.22"]
[EventType "swiss"]
[EventRounds "11"]
[EventCountry "RUS"]
[SourceTitle "EXT 2017"]
[Source "ChessBase"]
[SourceDate "2016.10.25"]
[SourceVersion "1"]
[SourceVersionDate "2016.10.25"]
[SourceQuality "1"]

1. e4 c5 2. Nf3 d6 3. d4 cxd4 4. Nxd4 Nf6 5. Nc3 g6 6. Be3 Bg7 7. f3 Nc6 8. Qd2 0-0 9. 0-0-0 Nxd4 10. Bxd4 Be6 11. g4 a6 12. h4 b5 13. Kb1 Rc8 14. h5 Qe8 15. Qh2 h6 16. hxg6 fxg6 17. g5 Nh5 18. Bxg7 Kxg7 19. gxh6+ Kxh6 20. f4 Bg4 21. Be2 Bxe2 22. Nxe2 Qf7 23. f5 Rc5 24. Nf4 gxf5 25. Nxh5 fxe4 26. Ng7+ Kg6 27. Qh6# 1-0

[Event "Wch U16 Girls"]
[Site "Khanty-Mansiysk"]
[Date "2016.09.26"]
[Round "5"]
[White "Shih, Ching An"]
[Black "Kozybayeva, Alisa"]
[Result "0-1"]
[WhiteElo "1460"]
[BlackElo "1888"]
[PlyCount "74"]
[EventDate "2016.09.22"]
[EventType "swiss"]
[EventRounds "11"]
[EventCountry "RUS"]
[SourceTitle "EXT 2017"]
[Source "ChessBase"]
[SourceDate "2016.10.25"]
[SourceVersion "1"]
[SourceVersionDate "2016.10.25"]
[SourceQuality "1"]

1. Nf3 Nf6 2. g3 d5 3. Bg2 c5 4. d4 cxd4 5. Nxd4 e5 6. Nb3 Be7 7. 0-0 0-0 8. Nc3 Be6 9. Bg5 Nbd7 10. Qd2 d4 11. Bxf6 Nxf6 12. Ne4 Nxe4 13. Bxe4 Qc7 14. Rfc1 Rfd8 15. h4 f5 16. Bg2 Bf6 17. Qb4 e4 18. Nc5 Bd5 19. Nb3 a5 20. Qe1 Qb6 21. Rcb1 a4 22. Nd2 Rac8 23. Qd1 Rc7 24. Bh3 g6 25. h5 Rdc8 26. hxg6 hxg6 27. Nf1 Rxc2 28. Ne3 R2c5 29. Nxd5 Rxd5 30. Qxa4 d3 31. exd3 Rxd3 32. Rc1 Rxg3+ 33. Kf1 Rxc1+ 34. Rxc1 Rxh3 35. Rc8+ Kh7 36. Qd7+ Bg7 37. Rc7 Qxb2 0-1

[Event "Asian Schools-ch U15/U17 Girls"]
[Site "Taichung"]
[Date "2014.08.24"]
[Round "1"]
[White "Tan, Li Ting"]
[Black "Shih, Ching An"]
[Result "1-0"]
[WhiteElo "1945"]
[BlackElo "1445"]
[PlyCount "101"]
[EventDate "2014.08.24"]
[EventType "swiss"]
[EventRounds "9"]
[EventCountry "TPE"]
[SourceTitle "EXT 2018"]
[Source "ChessBase"]
[SourceDate "2017.10.13"]
[SourceVersion "1"]
[SourceVersionDate "2017.10.13"]
[SourceQuality "1"]

1. d4 d5 2. c4 c6 3. Nf3 e6 4. Qc2 Nf6 5. g3 Be7 6. Bg2 Nbd7 7. 0-0 h6 8. Nbd2 0-0 9. b3 Re8 10. Bb2 Bf8 11. Rfd1 Qc7 12. Rac1 Nb6 13. Ne5 Nbd7 14. Nd3 Qd8 15. Re1 Bd6 16. e4 dxe4 17. Nxe4 Nxe4 18. Bxe4 Nf6 19. Bg2 Bd7 20. Ne5 Bc8 21. Rcd1 Qc7 22. Qe2 Bxe5 23. dxe5 Nd7 24. Be4 Nf8 25. Ba3 c5 26. Qe3 Nd7 27. Bb1 b6 28. Qe4 Bb7 29. Qh7+ Kf8 30. Bb2 Ke7 31. Qxg7 Rg8 32. Qxh6 Raf8 33. Qh4+ Ke8 34. Be4 Bxe4 35. Qxe4 Rg5 36. f4 Rgg8 37. Qd3 a5 38. Qd6 Qxd6 39. Rxd6 Ke7 40. Red1 Rd8 41. Kf2 Rh8 42. Kg2 Rh7 43. g4 Rg7 44. h3 Rh7 45. Bc1 Rg7 46. Kg3 Rgg8 47. h4 Rg7 48. h5 Rgg8 49. h6 Rh8 50. f5 exf5 51. Bg5+ 1-0